Surveyors acting as experts in commercial rent determinations (Record no. 115467)
[ view plain ]
| 000 -LEADER | |
|---|---|
| fixed length control field | 01586cad a22002775a 4500 |
| 001 - CONTROL NUMBER | |
| control field | L158705 |
| 008 - FIXED-LENGTH DATA ELEMENTS--GENERAL INFORMATION | |
| fixed length control field | 130206s2015 xxk f 000 0 eng d |
| 020 ## - INTERNATIONAL STANDARD BOOK NUMBER | |
| International Standard Book Number | 9781783210480 |
| 035 ## - SYSTEM CONTROL NUMBER | |
| System control number | (Sirsi) u158705 |
| 041 0# - LANGUAGE CODE | |
| Language code of text/sound track or separate title | eng |
| 110 2# - MAIN ENTRY--CORPORATE NAME | |
| Corporate name or jurisdiction name as entry element | Royal Institution of Chartered Surveyors |
| 9 (RLIN) | 4900 |
| 245 ## - TITLE STATEMENT | |
| Title | Surveyors acting as experts in commercial rent determinations |
| Remainder of title | Hong Kong |
| Medium | [electronic resource] |
| 260 ## - PUBLICATION, DISTRIBUTION, ETC. | |
| Place of publication, distribution, etc. | London |
| Name of publisher, distributor, etc. | RICS |
| Date of publication, distribution, etc. | 2015 |
| 300 ## - PHYSICAL DESCRIPTION | |
| Extent | 23p. |
| 490 #0 - SERIES STATEMENT | |
| Series statement | RICS Guidance Note |
| 505 2# - FORMATTED CONTENTS NOTE | |
| Formatted contents note | Introduction -- Appointment -- Supplementary terms of engagement -- Powers and duties -- Procedure and conduct of determination -- Evidence -- The determination of an expert -- Conflicts of interest |
| 520 ## - SUMMARY, ETC. | |
| Summary, etc. | Designed primarily to assist those who are appointed to act as experts in disputes as to rental value for commercial properties. This guidance note is also intended to assist the parties themselves, and those acting for them, by making them aware of the procedures likely to be followed. This guidance note is issued jointly by The Hong Kong Institute of Surveyors (HKIS) and the Royal Institution of Chartered Surveyors Hong Kong (RICS). Effective from June 2015. |
| 590 ## - LOCAL NOTE (RLIN) | |
| Local note | KA |
| 650 24 - SUBJECT ADDED ENTRY--TOPICAL TERM | |
| Topical term or geographic name entry element | Expert witness |
| 9 (RLIN) | 6239 |
| 650 24 - SUBJECT ADDED ENTRY--TOPICAL TERM | |
| Topical term or geographic name entry element | RENT REVIEWS |
| 651 #4 - SUBJECT ADDED ENTRY--GEOGRAPHIC NAME | |
| Geographic name | Hong Kong |
| 690 ## - LOCAL SUBJECT ADDED ENTRY--TOPICAL TERM (OCLC, RLIN) | |
| Topical term or geographic name as entry element | Commercial property |
| 9 (RLIN) | 6227 |
| 710 1# - ADDED ENTRY--CORPORATE NAME | |
| Corporate name or jurisdiction name as entry element | The Hong Kong Institute of Surveyors |
| 9 (RLIN) | 3822 |
| 856 40 - ELECTRONIC LOCATION AND ACCESS | |
| Uniform Resource Identifier | <a href="https://www.isurv.com/downloads/download/2035/surveyors_acting_as_experts_in_commercial_rent_determinations_hong_kong">https://www.isurv.com/downloads/download/2035/surveyors_acting_as_experts_in_commercial_rent_determinations_hong_kong</a> |
| Public note | Archived on isurv (subscription required) |
| 942 ## - ADDED ENTRY ELEMENTS (KOHA) | |
| Suppress in OPAC | 0 |
| Source of classification or shelving scheme | Dewey Decimal Classification |
| Withdrawn status | Lost status | Source of classification or shelving scheme | Damaged status | Not for loan | Home library | Current library | Shelving location | Date acquired | Total Checkouts | Full call number | Barcode | Date last seen | Copy number | Price effective from | Koha item type |
|---|---|---|---|---|---|---|---|---|---|---|---|---|---|---|---|
| Dewey Decimal Classification | Virtual | Virtual | Online | 26/06/2015 | iSurv | 158705-2001 | 28/04/2023 | 1 | 06/08/2019 | Book |